| 000 | 00405nam a2200157Ia 4500 | ||
|---|---|---|---|
| 008 | 210719s2000 xx 000 0 und d | ||
| 041 | _aeng | ||
| 082 | _a666.95 EVER | ||
| 100 | _aEVEREST; | ||
| 245 | _aEVEREST: asbestos cement limited. | ||
| 260 |
_aNew Delhi. _bAsbestos Cement Ltd., _c2000 |
||
| 300 |
_a131,12 _bHB |
||
| 365 | _cRs | ||
| 650 | _aIndustrial Technology | ||
| 906 | _aAsbestos Cement | ||
| 999 |
_c212516 _d212516 |
||